Statystyki dla Liga Mistrzów 2016/2017

Kliknij tutaj aby rozwiązać quiz!

Ogólne statystyki

  • Ten quiz został rozwiązany 119 razy
  • Średni wynik to 21 z 32

Statystyki odpowiedzi

krajklub% Poprawnych
FrancjaPSG
99%
AngliaManchester City
89%
NiemcyBayer
87%
HiszpaniaReal M
86%
PortugaliaBenfica
84%
WłochyJuventus
83%
PolskaLegia
83%
AngliaArsenal
80%
HiszpaniaBarcelona
79%
NiemcyBorussia D
79%
PortugaliaSporting
77%
WłochyNapoli
75%
PortugaliaPorto
74%
NiemcyBayern
73%
HiszpaniaAtletico
71%
SzkocjaCeltic
67%
AngliaTottenham
67%
HolandiaPSV
66%
RosjaCSKA
63%
SzwajcariaBasel
60%
UkrainaDynamo Kijów
60%
FrancjaMonaco
60%
HiszpaniaSevilla
60%
ChorwacjaDinamo Zagrzeb
57%
AngliaLeicester
54%
DaniaKopenhaga
51%
TurcjaBesiktas
50%
BelgiaClub Brugge
49%
FrancjaOlympique Lyon
41%
NiemcyBorussia M
38%
BułgariaLudogorets
24%
RosjaRostow
18%

Rozkład punktacji

Percentyl według liczby udzielonych odpowiedzi

Procent ludzi z każdym wynikiem

Twoja historia wyników

Nie rozwiązałeś tego quizu